Quizzes
Events
Quiz Creation
Community
Videos
Private Events
Remove Ads
Sign In
Join for FREE
Feedback
Dark Mode
Quiz Categories
Sports
Geography
Music
Movies
Television
Just For Fun
Miscellaneous
History
Literature
Language
Science
Gaming
Entertainment
Religion
Holiday
For Kids
Quiz Lab
Recent
Popular Today
Quiz Kudos Today
Editor Picks
Curator Picks
Quizzes by...
Day
Popularity
Type
Ratings
Length
Year
Community
Subscriptions
Recent Discussions
Orange Saloon
Badges
Playlists
Quests
Create
Leaderboards
Showdown
Live 5
Trivia Bingo
Activity
Puzzle Library
Sporcle Events
Private Events
Virtual Trivia
Globe League
Become a Host
Pub Owners
SporcleCon
Opinionation
Our Games
Videos
Blog
Mobile Apps
Partnerships
Remove Ads and Go Orange
Feedback
Miscellaneous
Crossword
General Knowledge
Baby Names
Logo
Food
Cars
Numbers
Grab Bag
University
College
Popular
Company
Slogans
Restaurants
Justice
Letter
Miscellaneous
Crossword
General Knowledge
Baby Names
Logo
Food
Cars
Numbers
Grab Bag
University
College
Popular
Company
Slogans
Restaurants
Justice
Letter
Random Quiz
Search Sporcle
×
Quiz Lab
Quiz Lab
Miscellaneous
Numbers
Type in answers that appear in a list
Type in answers that appear in a list
Classic
Best Score? Go Orange.
BJCP Beer Styles Stats
Can you name the BJCP Beer Styles?
By
bil
12m
80 Questions
519 Plays
519 Plays
519 Plays
Comments
Comments
Give Quiz Kudos
Give Quiz Kudos
-
- Ratings
hide this ad
More Info
Replay
Link that replays current quiz
Next Quiz
Link to next quiz in quiz playlist
You Got
0%
They Got
Avg Score
55%
Avg Friend Score
Upgrade to see
Score Distribution
Jump to the score distribution portion of the page
Score
0/80
Timer
12:00
0
Plays Today
Category Number
Style
% Correct
10C
American Brown Ale
78.4%
14B
American IPA
77.3%
14C
Imperial IPA
74.6%
10A
American Pale Ale
73.6%
2A
German Pils
73.4%
18C
Belgian Tripel
72.8%
14A
English IPA
72.6%
5C
Doppelbock
72.3%
13F
Russian Imperial Stout
70.7%
18B
Belgian Dubbel
70.7%
16C
Saison
70.3%
13A
Dry Stout
69.6%
13B
Sweet Stout
68.4%
8C
Extra Special Bitter
66.9%
5A
Maibock
66.3%
9E
Strong Scotch Ale
66.3%
3B
Oktoberfest
65.5%
9D
Irish Red Ale
64.9%
17B
Flanders Red
64.7%
2C
Classic American Pilsner
64%
13C
Oatmeal Stout
64%
15A
Weizen
63.8%
2B
Bohemian Pilsner
63.4%
11A
Mild
63%
12C
Baltic Porter
61.8%
6A
Cream Ale
61.7%
3A
Vienna Lager
61.3%
10B
American Amber Ale
60.9%
16A
Witbier
58.8%
1A
Lite American Lager
58.6%
17A
Berliner Weisse
58.4%
19C
American Barleywine
58.2%
1C
Premium American Lager
58%
17C
Flanders Brown
58%
19B
English Barleywine
58%
6C
Kolsch
57.8%
7B
California Common
57.6%
1D
Munich Helles
56.8%
5D
Eisbock
56.5%
13E
American Stout
56.3%
Category Number
Style
% Correct
8B
Best Bitter
56.1%
22A
Classic Rauchbier
55.9%
17F
Fruit Lambic
54.9%
1B
Standard American Lager
53.8%
12B
Robust Porter
53.2%
8A
Ordinary Bitter
52.8%
16D
Biere de Garde
52.8%
17E
Gueuze
52.8%
4C
Schwarzbier
52.4%
9A
Scottish Light
52.4%
19A
Old Ale
52.4%
18A
Belgian Blond
51.8%
6B
Blonde Ale
51.4%
11C
Northern English Brown
51.4%
20
Fruit Beer
51.3%
9C
Scottish Export
51.1%
9B
Scottish Heavy
50.9%
11B
Southern English Brown
50.7%
15B
Dunkelweizen
50.3%
13D
Foreign Extra Stout
49.5%
1E
Dortmunder Export
49.1%
12A
Brown Porter
48.6%
15C
Weizenbock
48.6%
6D
American Wheat or Rye Beer
47.6%
17D
Straight Lambic
47%
16B
Belgian Pale Ale
46.4%
18E
Belgian Dark Strong Ale
45.7%
4B
Munich Dunkel
45.3%
18D
Belgian Golden Strong Ale
44.9%
15D
Roggenbier
44.1%
21A
Spice, Herb, or Vegetable Beer
41.4%
23
Specialty Beer
40.7%
5B
Traditional Bock
39.7%
4A
Dark American Lager
36.2%
22C
Wood-aged beer
35.8%
21B
Christmas/Winter Specialty Spiced Beer
33.5%
7C
Dusseldorf Altbier
33.3%
7A
Northern German Altbier
32.9%
16E
Belgian Specialty
31.6%
22B
Other Smoked Beer
27.2%
Quiz Playlist
Details
Report
Send in Message
Add To Playlist
More Info:
Name all the beer sub-styles listed by the Beer Judge Certification Program.
Classic:
Type in answers that appear in a list
Quiz Source
Last Updated: Feb 16, 2017
Quiz Scoreboard
CHALLENGE
Sign Up to Join the Scoreboard
Show All
Scores
Hide
Comments
May contain spoilers
Recently Published
Click the 1999 NBA Draft
by nibperrychub
Sports
2m
Alphabetical 'K' Countries by Flag Minefield
by ylime102
Geography
3m
Pick 6: Fruits
by JohnFran
Miscellaneous
15s
More to Explore
Quiz From the Vault
Featured Blog Post
15 Basketball Trivia Facts You Can Be March Mad About
hide this ad
You Might Also Like...
Tags
Numbers Quiz
Beer
Category
Style
Today's Top Quizzes in Miscellaneous
Browse Miscellaneous
hide this ad
Today's Top Quizzes in Numbers
Browse Numbers
Top Contributed Quizzes in Miscellaneous
1
Spring Months consonants
2
Pick 6: Vegetables
3
Pick 6: Supreme Pizza
4
The JOE quick-fire general knowledge quiz: Day 166
5
Four Seasons
6
Pick 6: University Mascots
7
The JOE quick-fire general knowledge quiz: Day 165
8
Guess the 'S' Things in 3 Words
9
Sporcle Acrostic Puzzle XXXV
10
Guess the 'T' Things in 3 Words
Explore More
Trending Topics
Harry Potter
Kpop
NBA
Disney
Crossword
Anime
Marvel
Pokémon
Country
Puzzle
The Office
Song
NFL
WWE
Soccer
hide this ad
More By:
bil
Quiz
Plays
Rating
Category
Featured
Created
BJCP Beer Styles
519
5.00
Miscellaneous
Jun 28, 2010
Go to Creator's Profile
Score Distribution
Quiz Creator Spotlight
bil
Follow
Send a Message
Quizzes Created
-
Created Quiz Play Count
-
More By This Creator
Popular Quizzes Today
1
Countries of Asia Without Outlines Minefield
2
Find the US States - No Outlines Minefield
3
Pick 6: Fruits
4
Alphabetical 'K' Countries by Flag Minefield
5
The Countries of the World
6
Find the US States
7
US States
8
Match the Book to the Film X
More Miscellaneous Quizzes
British Surnames per Letter
Published
Trending Quizzes
Pick 6: Harry Potter
Pick 6: Mountains
Pick 6: NFL Teams
Pick 6: Flags
Pick 6: Movie Franchises
Recently Updated
NWSL Teams
pecheneg
Women's Final Four Teams by Year
bhenderson79
Presidents Quartet II
eogle
Anything But Clue(do)
eogle
Anything But Oceanian Capitals
eogle
Anything But 7
eogle
Anything But Thing
eogle
Word Ladder: February 29
pecheneg
Song Title Questions
pecheneg
Women's NCAA Tournament #1 Seeds
pecheneg
Trending Topics
Kpop
Crossword
Anime
Harry Potter
Disney
NBA
Marvel
WWE
Pokémon
Soccer
Country
NFL
Song
The Office
Puzzle
Your Account Isn't Verified!
In order to create a playlist on Sporcle, you need to verify the email address you used during registration. Go to your
Sporcle Settings
to finish the process.
Report this User
Report this user for behavior that violates our
Community Guidelines
.
Details:
Send Report
Go to the Sporcle.com Mobile Site →
Comments